Statystyki dla Kody lotniskowe #1

Kliknij tutaj aby rozwiązać quiz!

Ogólne statystyki

  • Ten quiz został rozwiązany 2 867 razy
  • Średni wynik to 14 z 32

Statystyki odpowiedzi

KodMiasto% Poprawnych
MADMadryt
90%
AMSAmsterdam
87%
DUBDublin
85%
SYDSydney
84%
JFKNowy Jork
75%
PEKPekin
75%
LAXLos Angeles
72%
SEASeattle
71%
MANManchester
68%
LHRLondyn
63%
CDGParyż
58%
CPHKopenhaga
46%
FCORzym
44%
NRTTokio
44%
BOMMumbaj | Bombaj
43%
SFOSan Francisco
40%
CAIKair
38%
ORDChicago
34%
BKKBangkok
32%
MNLManila
30%
PERPerth
30%
YYZToronto
30%
CPTKapsztad
28%
AKLAuckland
24%
CUNCancun
23%
HNLHonolulu
23%
YVRVancouver
19%
GIGRio de Janeiro
18%
BHXBirmingham
16%
NBONairobi
14%
SGNHo Chi Minh
8%
FLLFort Lauderdale
7%

Rozkład punktacji

Percentyl według liczby udzielonych odpowiedzi

Procent ludzi z każdym wynikiem

Twoja historia wyników

Nie rozwiązałeś tego quizu